000 00615nam a2200229Ia 4500
003 OSt
005 20220923230323.0
006 a|||||r|||| 00| 0
007 ta
008 Pun
024 _a279,424
037 _cTextual
040 _aARTS
_cARTS
_bPun
041 _2Pun
_aPun
082 _aO153,1NWA, L9
100 _aਵਾਰਬਰਟਨੀ, ਪ੍ਰੇਮ
245 0 _aਲਾਲ ਖੰਬਾਂ ਦਾ ਘਰ
260 _c1979
650 _aਪੰਜਾਬੀ ਸਾਹਿਤ
942 _hO153,1NWA, L9
_cTEXL
_2CC
999 _c383938
_d383938